00849cam a22002533a 450000100060000000300060000600500170001200800410002904000150007004200070008505000090009224501040010126000290020550600300023451600200026465300390028465300390032365300370036265300430039965300660044270000160050883000290052485600420055324539PGUSA20140828083527.0080206s2008||||xxu|||||s|||||000 | eng d aPGUSAbeng adc 4aE45610aKinston, Whitehall and Goldsboro (North Carolina) expedition, December, 1862h[electronic resource] bProject Gutenberg,c2008 aPublic domain in the USA. aElectronic text aGoldsboro (N. C.), Battle of, 1862 aWhitehall (N. C.), Battle of, 1862 aKinston (N. C.), Battle of, 1862 aFoster, John G. (John Gray), 1823-1874 aUnited States -- History -- Civil War, 1861-1865 -- Campaigns1 aHowe, W. W. 0aProject Gutenbergv2453940uhttp://www.gutenberg.org/ebooks/24539